| 000 | 00370nam a22001337a 4500 | ||
|---|---|---|---|
| 020 | _a9789698267551 | ||
| 040 | _cNUST | ||
| 082 |
_a641.57 _bZEE |
||
| 100 |
_aZeenat Azra Khan _981079 |
||
| 245 |
_aMere Pakwan Aap Ka Dastarkhwan; _bA Translation Of From My Table To Yours |
||
| 260 |
_aLAHORE; _bRoohani Art Press, _c2017 |
||
| 650 |
_aCooking _981580 |
||
| 942 |
_2ddc _cBK |
||
| 999 |
_c585997 _d585997 |
||